000 01010nam a2200277Ia 4500
003 GCL
008 140319s9999 xx 000 0 ara d
040 _aGCL /
_cGCL
082 0 4 _aق
_b953.08
_bع ت
100 1 _aعبدالمنعم ماجد
245 1 0 _aالتاريخ السياسى لدولة سلاطين المماليك فى مصر :
_bدراسة تحليلية للازدهار والانهيار /
_cعبدالمنعم ماجد
260 _aالقاهرة :
_bمكتبة الانجلوالمصرية ،
_c1988
300 _a442 ص ؛
_c24 سم
490 _a
650 0 4 _aمصر
650 0 4 _aتاريخ
650 0 4 _aالاحوال الاجتماعية
650 0 4 _aالاحوال السياسية
650 0 4 _aدولة المماليك
650 0 4 _aالتجارة
650 0 4 _aالعلاقات الخارجية
650 0 4 _aالمجتمع المصرى
650 0 4 _aالحروب الصليبية فى مصر
650 0 4 _aالتجارة البحرية
942 _2ddc
_cBK
999 _c37068
_d37068